Countries that are/will/might join BRICS - Statistics

General Stats
  • This quiz has been taken 42 times
    8 since last reset
  • The average score is 35 of 56
Answer Stats
Status Country % Correct
Applied in 2022 Algeria
100%
Declined Offer Argentina
100%
Applied in 2023 Bangladesh
100%
Founding Member Brazil
100%
Founding Member China
100%
Joined in 2024 Egypt
100%
Joined in 2024 Ethiopia
100%
Founding Member India
100%
Joined in 2025 Indonesia
100%
Joined in 2024 Iran
100%
Applied Pakistan
100%
Founding Member Russia
100%
Joined in 2011 South Africa
100%
Applied Thailand
100%
Showed Interest Turkey
100%
Joined in 2024 United Arab Emirates
100%
Showed Interest Colombia
80%
Showed Interest Iraq
80%
Applied in 2023 Kazakhstan
80%
Showed Interest Laos
80%
Applied Malaysia
80%
Showed Interest Myanmar
80%
Showed Interest Nigeria
80%
Showed Interest Peru
80%
Yet to Make Decision Saudi Arabia
80%
Applied in 2023 Venezuela
80%
Applied in 2023 Vietnam
80%
Showed Interest Angola
60%
Showed Interest Azerbaijan
60%
Applied in 2023 Bolivia
60%
Applied in 2023 Cuba
60%
Applied in 2023 Senegal
60%
Showed Interest Sudan
60%
Showed Interest Syria
60%
Showed Interest Tunisia
60%
Showed Interest Uganda
60%
Showed Interest Yemen
60%
Showed Interest Afghanistan
40%
Applied in 2023 Belarus
40%
Showed Interest Democratic Republic of the Congo
40%
Showed Interest Ghana
40%
Showed Interest Republic of the Congo
40%
Showed Interest Sri Lanka
40%
Applied Bahrain
20%
Showed Interest Cameroon
20%
Showed Interest Central African Republic
20%
Applied in 2023 Honduras
20%
Applied in 2023 Kuwait
20%
Showed Interest Nicaragua
20%
Showed Interest South Sudan
20%
Applied Zimbabwe
20%
Showed Interest Comoros
0%
Showed Interest El Salvador
0%
Showed Interest Gabon
0%
Showed Interest Guinea-Bissau
0%
Applied in 2023 Palestine
0%
No matching quizzes found
Score Distribution
Percent of People with Each Score
Percentile by Number Answered
Your Score History
You have not taken this quiz since the last reset